000 00753nam a2200205 u 4500
001 000479439
003 AM-YeHGA
005 20250618072603.0
008 060314s1989 ||| r ||| 0 rus d
020 _a5265009841
040 _aAM-YeHGA
041 0 _arus
100 1 _aВознесенский, Андрей Андреевич.
245 1 0 _aРов :
_bСтихи, проза /
_cАндрей Вознесенский.
260 _aМосква :
_bСов. писатель,
_c1989.
300 _a686 с.
_bпортр.
505 0 _aРазделы: Человек породы Сенбернар; Малый зал; О; Сегодня как вчера
650 1 4 _aХудожественная литература
_94918
090 _c177356
999 _c175912
_d175912